000 00363nam a22001457a 4500
003 OSt
005 20160727222408.0
008 160624b xxu||||| |||| 00| 0 eng d
040 _cTest
100 _9921
_aHenry, M
245 _aMustang Wild Spirit of the West
260 _aN.Y
_b Rand Me Nallys
_c1966
300 _aMustang Wild Spirit of the West
942 _2ddc
_cBK
999 _c732
_d732